000 00836nam a2200229Ii 4500
003 JO-AjNU
008 230605s9999||||xx |||||||||||||| ||und||
017 _a1434/2199
020 _a978-603-01-1619-5
040 _aJO-AjNU
_bara
_erda
_cJO-AjNU
041 _aara
050 1 4 _aBP166.22 2013
100 3 _aجمع واعداد القحطاني، مسند,
_eauthor
_949006
245 0 0 _aالشرك الأصغر والخفي أخوف ما خاف النبي صلى الله عليه وسلم (على أمته) : أحكامه- أمثلته- علاجه
250 _aط1
264 3 1 _aالدمام: دار القاسم، 2013
300 _a176ص
336 _atext
_btxt
_2rdacontent
337 _aunmediated
_bn
_2rdamedia
338 _avolume
_bnc
_2rdacarrier
650 4 _aالشرك بالله- الكفر- التوحيد
_949007
999 _aA21498
_c25066
_d25066